A fiatalkorúak bírósága a háború alatt és a háború után

Elmentve itt :
Bibliográfiai részletek
Szerző: Vámbéry Rusztem
Dokumentumtípus: Cikk
Sorozat:Kolligátum
Kulcsszavak:Fiatalkorú bűnözők - bíróság - Magyarország
Online Access:http://misc.bibl.u-szeged.hu/23147
LEADER 00577nab a2200157 i 4500
001 misc23147
005 20191111110828.0
008 170803suuuu hu o 0|| zxx d
040 |a SZTE Miscellanea Repozitórium  |b hun 
041 |a zxx 
100 1 |a Vámbéry Rusztem 
245 1 2 |a A fiatalkorúak bírósága a háború alatt és a háború után  |h [elektronikus dokumentum] /  |c  Vámbéry Rusztem 
300 |a 1-91 
490 0 |a Kolligátum 
695 |a Fiatalkorú bűnözők - bíróság - Magyarország 
856 4 0 |u http://misc.bibl.u-szeged.hu/23147/1/73671_001-091.pdf  |z Dokumentum-elérés